[Event "3. Campeonato de la Unión Europea"]
[Site "Arvier ITA"]
[Date "2007.06.20"]
[Round "6.29"]
[White "Calandri, Fausto"]
[Black "Turturici, Pellegrino"]
[Result "0-1"]
[WhiteElo "2144"]
[BlackElo "2010"]
[PlyCount "82"]
[EventDate "2007.06.15"]
[EventType "swiss"]
[EventRounds "10"]
[EventCountry "ITA"]
[Source "lmi"]
[SourceDate "2007.06.15"]

1. e4 c5 2. Nf3 Nc6 3. d4 cxd4 4. Nxd4 Nf6 5. Nc3 d6 6. f3 e6 7. Be3 Be7 8. Qd2
a6 9. O-O-O O-O 10. g4 Qc7 11. g5 Nd7 12. h4 b5 13. Nxc6 Qxc6 14. Ne2 Ne5 15.
Nd4 Qc7 16. h5 Bd7 17. Kb1 Rfc8 18. f4 Nc4 19. Bxc4 bxc4 20. Ne2 Bc6 21. h6
Rab8 22. Qc3 e5 23. Ng3 Bf8 24. hxg7 Bxg7 25. f5 Qb7 26. Rh4 d5 27. exd5 Bxd5
28. Bc1 Bf3 29. Rf1 e4 30. f6 Bf8 31. Qe5 Rd8 32. Qf5 h6 33. gxh6 Rd5 34. h7+
Kh8 35. Qh3 Rg5 36. b3 cxb3 37. axb3 Rg6 38. Rxf3 exf3 39. Rg4 Qd7 40. Rh4 Qd1
41. Qh1 Rd8 0-1

[Event "3. Campeonato de la Unión Europea"]
[Site "Arvier ITA"]
[Date "2007.06.20"]
[Round "6.30"]
[White "Bossoni, Mario"]
[Black "Beggi, Pierluigi"]
[Result "1/2-1/2"]
[WhiteElo "1964"]
[BlackElo "2141"]
[PlyCount "156"]
[EventDate "2007.06.15"]
[EventType "swiss"]
[EventRounds "10"]
[EventCountry "ITA"]
[Source "lmi"]
[SourceDate "2007.06.15"]

1. e4 c5 2. d4 cxd4 3. c3 Qa5 4. Bc4 Nf6 5. Qe2 Nc6 6. Nf3 d6 7. h3 g6 8. O-O
dxc3 9. Nxc3 Bg7 10. Bf4 O-O 11. Rfd1 Qh5 12. Rd2 Bh6 13. Bxh6 Qxh6 14. Rad1
Qf4 15. a3 Ne5 16. Nxe5 Qxe5 17. Qe3 Be6 18. f4 Qa5 19. Bxe6 fxe6 20. Kh2 Nd7
21. Qg3 Nf6 22. Qe3 Nd7 23. Qg3 Qh5 24. e5 d5 25. Ne4 Qf5 26. Qg4 Qxf4+ 27.
Qxf4 Rxf4 28. Ng5 Nf8 29. Rc1 h6 30. Nf3 Rc4 31. Rxc4 dxc4 32. Kg3 Rc8 33. Rc2
b5 34. Nd4 a6 35. Kf3 Rc5 36. Ke4 Nd7 37. Nf3 Rd5 38. Rf2 Rd3 39. Ne1 Rb3 40.
Kd4 Kg7 41. Rc2 Nb6 42. Kc5 Na4+ 43. Kc6 Nxb2 44. Kb6 Nd3 45. Nxd3 cxd3 46. Ra2
Rc3 47. Kxa6 Rc5 48. Rd2 Rd5 49. Ka5 g5 50. Kb4 Kg6 51. g4 h5 52. Kc3 hxg4 53.
hxg4 Rxe5 54. Rxd3 Re4 55. Rd4 Re5 56. Kb4 Kf6 57. Rd7 Re1 58. Kxb5 Rb1+ 59.
Kc4 Ra1 60. Kb4 e5 61. Ra7 e4 62. Kc4 Ke5 63. Rxe7+ Kf4 64. Kd4 Rd1+ 65. Kc4 e3
66. Kc3 Kf3 67. Rf7+ Kxg4 68. Re7 Kf3 69. Rf7+ Kg3 70. Re7 Kf3 71. Rf7+ Ke2 72.
Rg7 Rg1 73. a4 g4 74. a5 g3 75. Kb2 Rf1 76. Rxg3 Rf5 77. a6 Ra5 78. Rg6 Ke1
1/2-1/2

[Event "3. Campeonato de la Unión Europea"]
[Site "Arvier ITA"]
[Date "2007.06.20"]
[Round "6.32"]
[White "Astengo, Corrado"]
[Black "Scanferla, Paolo"]
[Result "1/2-1/2"]
[WhiteElo "2110"]
[BlackElo "1707"]
[PlyCount "165"]
[EventDate "2007.06.15"]
[EventType "swiss"]
[EventRounds "10"]
[EventCountry "ITA"]
[Source "lmi"]
[SourceDate "2007.06.15"]

1. d4 Nf6 2. c4 g6 3. g3 Bg7 4. Bg2 d6 5. Nc3 O-O 6. e4 Nbd7 7. Nge2 e5 8. d5
Ne8 9. O-O f5 10. Be3 Ndf6 11. Qc1 Nh5 12. exf5 gxf5 13. f4 Nef6 14. fxe5 dxe5
15. Bh6 Nd7 16. Bxg7 Nxg7 17. Qe3 a5 18. Rad1 Ra6 19. c5 Qe7 20. c6 bxc6 21.
dxc6 Nb8 22. Nd5 Qd6 23. Qb3 Qc5+ 24. Kh1 Be6 25. Rc1 Qd6 26. Rfd1 Kh8 27. Qb7
Bxd5 28. Rxd5 Qe7 29. Rd7 Nxd7 30. Qxa6 Nc5 31. Qxa5 Nd3 32. Rf1 e4 33. Qc3 Qf6
34. Qxf6 Rxf6 35. Bxe4 Nxb2 36. Nd4 Nc4 37. Rf4 Rd6 38. Nxf5 Nxf5 39. Bxf5 Rxc6
40. Re4 Nd6 41. Re5 Nxf5 42. Rxf5 Rc2 43. a4 c5 44. a5 c4 45. a6 Ra2 46. Rc5
Rxa6 47. Rxc4 Ra2 48. Kg1 Kg7 49. Rf4 Kg6 50. Rf2 Ra5 51. Kg2 h6 52. Rb2 Ra6
53. Kh3 Kg7 54. Kh4 Kg6 55. Rb4 Ra5 56. g4 Ra6 57. Rb5 Rc6 58. h3 Ra6 59. Rb3
Rc6 60. Kg3 h5 61. Kh4 hxg4 62. hxg4 Ra6 63. Kg3 Rf6 64. Kh4 Ra6 65. Rb5 Rc6
66. Rb8 Kg7 67. Kh5 Rc5+ 68. g5 Rc7 69. Rb6 Ra7 70. Re6 Rb7 71. Kg4 Rb4+ 72.
Kf5 Rb5+ 73. Re5 Rxe5+ 74. Kxe5 Kg6 75. Kf4 Kg7 76. Kf5 Kf7 77. Kf4 Kg7 78. Kg3
Kf7 79. Kh3 Kg6 80. Kh4 Kg7 81. Kh5 Kh7 82. Kg4 Kg6 83. Kf4 1/2-1/2

[Event "3. Campeonato de la Unión Europea"]
[Site "Arvier ITA"]
[Date "2007.06.20"]
[Round "6.33"]
[White "Frontini, Fabio"]
[Black "Brigati, Alessandro"]
[Result "1-0"]
[WhiteElo "1965"]
[BlackElo "2093"]
[PlyCount "147"]
[EventDate "2007.06.15"]
[EventType "swiss"]
[EventRounds "10"]
[EventCountry "ITA"]
[Source "lmi"]
[SourceDate "2007.06.15"]

1. e4 d6 2. d4 Nf6 3. f3 g6 4. Be3 c6 5. Qd2 Nbd7 6. Bh6 Bxh6 7. Qxh6 Qb6 8. b3
Qxd4 9. c3 Qe5 10. Bd3 Nc5 11. Bc2 d5 12. b4 Ne6 13. Ne2 dxe4 14. fxe4 Qg5 15.
Qxg5 Nxg5 16. Nd2 O-O 17. h4 Ne6 18. Kf2 Ng4+ 19. Kf3 Ng7 20. Ng3 h5 21. Ke2
Be6 22. a4 Rad8 23. c4 Rd4 24. Bb3 Rfd8 25. Rhd1 Ne5 26. Ngf1 Bg4+ 27. Nf3 Rxd1
28. Bxd1 Nxc4 29. Bb3 Ne5 30. Ne3 Nxf3 31. gxf3 Be6 32. Bc2 Rd4 33. Rb1 Ne8 34.
Bd3 Nd6 35. Nc2 Rxd3 36. Kxd3 Kg7 37. Ne3 f6 38. Rc1 Bb3 39. a5 Ba4 40. Rg1
Bb5+ 41. Kd4 Kf7 42. f4 b6 43. f5 gxf5 44. Nxf5 e5+ 45. Ke3 Nxf5+ 46. exf5 c5
47. bxc5 bxc5 48. Rb1 Ba6 49. Rb8 c4 50. Ra8 Bb5 51. Rxa7+ Kg8 52. a6 Bc6 53.
Rb7 Bg2 54. Rb8+ Kf7 55. a7 Ke7 56. a8=Q Bxa8 57. Rxa8 Kd6 58. Rc8 Kd5 59. Rc7
e4 60. Rc8 Ke5 61. Rc5+ Kd6 62. Rxc4 Ke5 63. Rc5+ Kd6 64. Ra5 Ke7 65. Ra6 Kf7
66. Ra7+ Kg8 67. Kxe4 Kh8 68. Kd5 Kg8 69. Ke6 Kh8 70. Kxf6 Kg8 71. Rf7 Kh8 72.
Kg6 Kg8 73. Rf6 Kh8 74. Rf8# 1-0

[Event "3. Campeonato de la Unión Europea"]
[Site "Arvier ITA"]
[Date "2007.06.20"]
[Round "6.34"]
[White "Llaneza Vega, Marcos"]
[Black "Brunello, Roberta"]
[Result "1-0"]
[WhiteElo "2455"]
[BlackElo "1953"]
[PlyCount "75"]
[EventDate "2007.06.15"]
[EventType "swiss"]
[EventRounds "10"]
[EventCountry "ITA"]
[Source "lmi"]
[SourceDate "2007.06.15"]

1. e4 e5 2. Bc4 Nf6 3. d3 Nc6 4. Nc3 Bc5 5. Bg5 h6 6. Bh4 a6 7. Nge2 g5 8. Bg3
d6 9. Qd2 Be6 10. h4 Bxc4 11. dxc4 Rg8 12. hxg5 hxg5 13. f3 Qe7 14. Rh6 O-O-O
15. O-O-O Nd7 16. Nd5 Qf8 17. Rdh1 f5 18. b4 Ba7 19. b5 axb5 20. cxb5 Ne7 21.
Nec3 Nxd5 22. Nxd5 fxe4 23. Qa5 Bb6 24. Qa8+ Nb8 25. fxe4 Rd7 26. Nf6 Rf7 27.
Nxg8 Rf1+ 28. Kb2 Bd4+ 29. c3 Rf2+ 30. Bxf2 Qxf2+ 31. Kb1 Bxc3 32. Qa3 Qe3 33.
R6h3 Qxe4+ 34. Kc1 Qf4+ 35. Kc2 Qd2+ 36. Kb1 Bd4 37. Ne7+ Kd8 38. Nd5 1-0

[Event "3. Campeonato de la Unión Europea"]
[Site "Arvier ITA"]
[Date "2007.06.20"]
[Round "6.35"]
[White "Battistella, Stefano"]
[Black "Cavatorta, Fosco"]
[Result "1-0"]
[WhiteElo "2068"]
[BlackElo "1921"]
[PlyCount "107"]
[EventDate "2007.06.15"]
[EventType "swiss"]
[EventRounds "10"]
[EventCountry "ITA"]
[Source "lmi"]
[SourceDate "2007.06.15"]

1. g3 e5 2. c4 c6 3. d4 d6 4. Nc3 Be6 5. d5 Bd7 6. e4 f5 7. exf5 Bxf5 8. Bg2
Nf6 9. Nge2 Be7 10. O-O O-O 11. h3 Qd7 12. Kh2 Na6 13. Be3 Nb4 14. dxc6 Nxc6
15. Qa4 Kh8 16. Rad1 Qe8 17. Qb5 Qh5 18. f3 Rab8 19. Nd5 Bd7 20. Rd2 Qe8 21.
Qb3 Nxd5 22. cxd5 Na5 23. Qb4 b6 24. Rc1 Rc8 25. Rdc2 Rxc2 26. Rxc2 Qb8 27. f4
Bf6 28. b3 Rc8 29. Rxc8+ Bxc8 30. Qb5 Bf5 31. b4 Nb7 32. g4 Bg6 33. g5 Be8 34.
Qd3 Be7 35. Qf5 Qc7 36. Qe6 Nd8 37. Qf5 Bg6 38. Qg4 Be8 39. f5 Nf7 40. Qh5 Kg8
41. g6 hxg6 42. fxg6 Nh6 43. Bxh6 gxh6 44. Qxh6 Bf6 45. Be4 Qe7 46. Qh5 Bd7 47.
Ng3 Bg5 48. Bf5 Bf4 49. Qh7+ Qxh7 50. gxh7+ Kg7 51. Bxd7 Kxh7 52. Kg2 Kg6 53.
Kf3 Bd2 54. b5 1-0

[Event "3. Campeonato de la Unión Europea"]
[Site "Arvier ITA"]
[Date "2007.06.20"]
[Round "6.36"]
[White "Bisignano, Giuseppe"]
[Black "Miatello, Alberto"]
[Result "0-1"]
[WhiteElo "1928"]
[BlackElo "2062"]
[PlyCount "128"]
[EventDate "2007.06.15"]
[EventType "swiss"]
[EventRounds "10"]
[EventCountry "ITA"]
[Source "lmi"]
[SourceDate "2007.06.15"]

1. e4 c5 2. Nf3 e6 3. d4 cxd4 4. Nxd4 Nc6 5. Nb5 a6 6. Nd6+ Bxd6 7. Qxd6 Qe7 8.
Qg3 f5 9. Nc3 Nf6 10. Bg5 h6 11. Bxf6 Qxf6 12. exf5 O-O 13. fxe6 dxe6 14. Bc4
b5 15. Be2 Nd4 16. Bd3 Nf5 17. Bxf5 exf5 18. O-O-O f4 19. Qf3 Rb8 20. Rhe1 Bb7
21. Qg4 Rfe8 22. Rxe8+ Rxe8 23. Qd7 Bc6 24. Qd6 Qxd6 25. Rxd6 Bxg2 26. Rxa6 b4
27. Nd1 Re1 28. Kd2 Rh1 29. Ra4 Bf3 30. Ne3 fxe3+ 31. Kxe3 Bd5 32. Rxb4 Bxa2
33. b3 Rxh2 34. Rd4 Rh3+ 35. f3 Rh2 36. Kd3 Bb1 37. Rc4 Rf2 38. f4 h5 39. b4 h4
40. Rc8+ Kh7 41. b5 h3 42. Rc5 Rxc2 43. Rh5+ Kg8 44. Kd4 h2 45. b6 Rb2 46. b7
Rxb7 47. Rxh2 Bf5 48. Rf2 Kf7 49. Ke5 Rb5+ 50. Kd4 Kf6 51. Kc4 Rb1 52. Kc3 Re1
53. Kd4 Bb1 54. Kd5 Kf5 55. Kd6 Re6+ 56. Kd5 Rg6 57. Kd4 Rg4 58. Ke3 Be4 59.
Rf1 Rg3+ 60. Kd4 Rd3+ 61. Kc4 Rf3 62. Rg1 g6 63. Kc5 Kxf4 64. Kd6 g5 0-1

[Event "3. Campeonato de la Unión Europea"]
[Site "Arvier ITA"]
[Date "2007.06.20"]
[Round "6.37"]
[White "Brunello, Marina"]
[Black "Astengo, Marcello"]
[Result "1-0"]
[WhiteElo "1924"]
[BlackElo "2061"]
[PlyCount "73"]
[EventDate "2007.06.15"]
[EventType "swiss"]
[EventRounds "10"]
[EventCountry "ITA"]
[Source "lmi"]
[SourceDate "2007.06.15"]

1. e4 e6 2. d4 d5 3. e5 c5 4. c3 Nc6 5. Nf3 Bd7 6. a3 a5 7. a4 Qb6 8. Bb5 Nh6
9. Bxh6 gxh6 10. O-O Bg7 11. Na3 O-O 12. Qd2 f6 13. exf6 Rxf6 14. Bxc6 Bxc6 15.
Nc2 Raf8 16. dxc5 Qxc5 17. Ncd4 Be8 18. Rae1 Qb6 19. b3 Bg6 20. Ne5 Be8 21. Qd3
Rf4 22. f3 h5 23. Kh1 Kh8 24. Re2 h4 25. g3 hxg3 26. hxg3 R4f6 27. Rh2 Rh6 28.
Rxh6 Bxh6 29. Kg2 Qd6 30. f4 Rg8 31. Rh1 Bg6 32. Nxg6+ Rxg6 33. Nf3 Kg7 34. Ne5
Rf6 35. Ng4 Rg6 36. Qd4+ e5 37. Nxe5 1-0

[Event "3. Campeonato de la Unión Europea"]
[Site "Arvier ITA"]
[Date "2007.06.20"]
[Round "6.38"]
[White "Marguerettaz, Davy"]
[Black "Testa, Adriano"]
[Result "1-0"]
[WhiteElo "2005"]
[BlackElo "1907"]
[PlyCount "67"]
[EventDate "2007.06.15"]
[EventType "swiss"]
[EventRounds "10"]
[EventCountry "ITA"]
[Source "lmi"]
[SourceDate "2007.06.15"]

1. d4 d5 2. c4 e6 3. Nc3 Nf6 4. cxd5 exd5 5. Bg5 c6 6. Qc2 Be7 7. e3 Nbd7 8.
Bd3 Nh5 9. Bxe7 Qxe7 10. Nf3 Nb6 11. O-O g6 12. Rfe1 O-O 13. Ne5 Re8 14. f4 Ng7
15. e4 Qd6 16. Qf2 f6 17. exd5 fxe5 18. dxe5 Qf8 19. d6 Be6 20. Ne4 Nd5 21. Rf1
Nh5 22. Qh4 Qg7 23. Ng5 Nhxf4 24. Rxf4 Nxf4 25. Qxf4 Bd5 26. Re1 h6 27. Ne4
Bxe4 28. Rxe4 Rad8 29. Bc4+ Kh7 30. e6 Qxb2 31. e7 Qb1+ 32. Bf1 Ra8 33. d7 Qb6+
34. Kh1 1-0

[Event "3. Campeonato de la Unión Europea"]
[Site "Arvier ITA"]
[Date "2007.06.20"]
[Round "6.40"]
[White "Campbell, Ian"]
[Black "Mazzetta, Renato"]
[Result "1-0"]
[WhiteElo "1996"]
[BlackElo "1864"]
[PlyCount "71"]
[EventDate "2007.06.15"]
[EventType "swiss"]
[EventRounds "10"]
[EventCountry "ITA"]
[Source "lmi"]
[SourceDate "2007.06.15"]

1. Nf3 Nf6 2. d4 d5 3. e3 e6 4. Bd3 Bd6 5. b3 Nbd7 6. Bb2 O-O 7. Nbd2 Re8 8.
Ne5 c5 9. O-O b6 10. Qe2 Bb7 11. f4 Ne4 12. Nxe4 dxe4 13. Bb5 Bxe5 14. dxe5 a6
15. Bxd7 Qxd7 16. Rad1 Qc7 17. f5 exf5 18. Rxf5 Re6 19. Rdf1 Rf8 20. h4 Bc8 21.
R5f4 Qc6 22. Qf2 Qd7 23. h5 Bb7 24. Qe2 Qe7 25. Bc3 b5 26. g3 Bd5 27. Qg4 Kh8
28. Rf5 c4 29. Qf4 b4 30. Bd4 Rh6 31. e6 f6 32. Rxd5 Qxe6 33. Qf5 Qf7 34. g4
Qc7 35. Qf4 Qb7 36. Rc5 1-0

[Event "3. Campeonato de la Unión Europea"]
[Site "Arvier ITA"]
[Date "2007.06.20"]
[Round "6.41"]
[White "Cavatorta, Ivan"]
[Black "Antoniacci, Riccardo"]
[Result "1/2-1/2"]
[WhiteElo "1878"]
[BlackElo "1995"]
[PlyCount "125"]
[EventDate "2007.06.15"]
[EventType "swiss"]
[EventRounds "10"]
[EventCountry "ITA"]
[Source "lmi"]
[SourceDate "2007.06.15"]

1. e4 e5 2. Nf3 Nc6 3. d4 exd4 4. Nxd4 Qh4 5. Nc3 Bb4 6. Qd3 Nf6 7. Nf5 Qxe4+
8. Qxe4+ Nxe4 9. Nxg7+ Kf8 10. Bh6 Nxc3 11. Nh5+ Ke8 12. Bg7 Nd5+ 13. c3 Rg8
14. Rd1 Nxc3 15. bxc3 Be7 16. Bd3 f5 17. Bc4 Rf8 18. Bxf8 Kxf8 19. O-O Ne5 20.
Bb3 a5 21. a4 d6 22. Rfe1 Ra6 23. Re3 Rb6 24. c4 Be6 25. f4 Bf7 26. c5 Rxb3 27.
Rxb3 Bxb3 28. Rb1 Bf7 29. Rxb7 Nd3 30. Rb8+ Be8 31. cxd6 cxd6 32. Ng7 Kxg7 33.
Rxe8 Bf6 34. Re6 d5 35. Rd6 Nxf4 36. g3 Be7 37. Rd7 Ng6 38. Rxd5 Bb4 39. Rxf5
Ne7 40. Rb5 Nc6 41. Rb7+ Ne7 42. g4 Kg6 43. Kg2 Nd5 44. Rb5 Nc3 45. Rb6+ Kg5
46. Kg3 Ne4+ 47. Kf3 Nc5 48. Kg3 Be1+ 49. Kf3 Nxa4 50. h4+ Kxh4 51. Rb5 Kh3 52.
Rb1 Bg3 53. Rg1 Bh2 54. Ra1 h5 55. gxh5 Nb6 56. Rxa5 Nc4 57. Rc5 Ne5+ 58. Ke4
Kh4 59. Rc2 Bg3 60. Rg2 Ng4 61. Kf3 Ne5+ 62. Ke4 Ng4 63. Kf3 1/2-1/2

[Event "3. Campeonato de la Unión Europea"]
[Site "Arvier ITA"]
[Date "2007.06.20"]
[Round "6.43"]
[White "Di Cio, Enrico"]
[Black "Foisor, Mihaela Veronica"]
[Result "0-1"]
[WhiteElo "1776"]
[BlackElo "1980"]
[PlyCount "102"]
[EventDate "2007.06.15"]
[EventType "swiss"]
[EventRounds "10"]
[EventCountry "ITA"]
[Source "lmi"]
[SourceDate "2007.06.15"]

1. e4 e6 2. d4 d5 3. Nd2 Nf6 4. e5 Nfd7 5. f4 c5 6. Ngf3 cxd4 7. Nxd4 Nxe5 8.
Bb5+ Nec6 9. Nxc6 bxc6 10. Ba4 Bd7 11. O-O c5 12. Bxd7+ Qxd7 13. Nf3 Nc6 14.
Qe2 Be7 15. Bd2 Bf6 16. Ne5 Bxe5 17. fxe5 O-O 18. Rae1 Nd4 19. Qd3 f5 20. exf6
Rxf6 21. Rxf6 gxf6 22. b4 Nf5 23. bxc5 Qc6 24. Bb4 a5 25. Ba3 d4 26. Qe4 Qxe4
27. Rxe4 e5 28. Re2 Kf7 29. Kf2 Ke6 30. g4 Ne3 31. h3 Nc4 32. Bc1 Rc8 33. h4
Rxc5 34. g5 fxg5 35. hxg5 Rc7 36. Kg3 Rf7 37. a4 Kd5 38. Rf2 Rxf2 39. Kxf2 e4
40. Bf4 Nb2 41. Bd2 e3+ 42. Bxe3 dxe3+ 43. Kxe3 Nxa4 44. Kf4 Nc3 45. Kf5 a4 46.
Kf6 a3 47. Kg7 a2 48. Kxh7 a1=Q 49. g6 Qh1+ 50. Kg8 Ke6 51. g7 Kf6 0-1

[Event "3. Campeonato de la Unión Europea"]
[Site "Arvier ITA"]
[Date "2007.06.20"]
[Round "6.45"]
[White "Marozzi, Giovanni"]
[Black "Russo, Carmelo"]
[Result "1-0"]
[WhiteElo "2055"]
[BlackElo "1665"]
[PlyCount "55"]
[EventDate "2007.06.15"]
[EventType "swiss"]
[EventRounds "10"]
[EventCountry "ITA"]
[Source "lmi"]
[SourceDate "2007.06.15"]

1. c3 Nf6 2. d4 e6 3. Bg5 c6 4. e4 h6 5. Bxf6 gxf6 6. Nf3 d5 7. Nbd2 Bd6 8. Bd3
Qc7 9. Qe2 Nd7 10. O-O Nb6 11. c4 dxc4 12. Nxc4 Nxc4 13. Bxc4 e5 14. Rac1 Be6
15. d5 Bd7 16. dxc6 Bxc6 17. Rfd1 Rg8 18. Nh4 O-O-O 19. Bd5 Kb8 20. Nf5 Rg6 21.
Bxc6 bxc6 22. Qa6 Bc5 23. Rxd8+ Qxd8 24. Qxc6 Bxf2+ 25. Kh1 a5 26. Nd6 Qb6 27.
Qc8+ Ka7 28. Rc7+ 1-0

[Event "3. Campeonato de la Unión Europea"]
[Site "Arvier ITA"]
[Date "2007.06.20"]
[Round "6.46"]
[White "Dritsakos, Alessio"]
[Black "Motzer, Heinrich"]
[Result "1-0"]
[WhiteElo "1506"]
[BlackElo "2021"]
[PlyCount "71"]
[EventDate "2007.06.15"]
[EventType "swiss"]
[EventRounds "10"]
[EventCountry "ITA"]
[Source "lmi"]
[SourceDate "2007.06.15"]

1. e4 d5 2. exd5 Qxd5 3. Nc3 Qa5 4. d4 c6 5. Bc4 Nf6 6. Nge2 Bf5 7. Bf4 e6 8.
O-O Nbd7 9. a3 Be7 10. Bd3 Bg6 11. Bxg6 hxg6 12. b4 Qh5 13. Bg3 Nb6 14. Qd3
O-O-O 15. Nf4 Qh6 16. Rfe1 Bd6 17. Nce2 Ng4 18. f3 Nf6 19. c4 e5 20. Nh3 exd4
21. Bxd6 Rxd6 22. c5 Re6 23. cxb6 axb6 24. Nxd4 Rd6 25. Qc4 Rhd8 26. Nb3 Nd5
27. Qc1 Kb8 28. Qg5 Qh8 29. Rad1 Qf8 30. Nf4 Nc3 31. Rxd6 Qxd6 32. Qe5 Qxe5 33.
Rxe5 f6 34. Re7 g5 35. Ne6 Nd1 36. Nxd8 1-0

[Event "3. Campeonato de la Unión Europea"]
[Site "Arvier ITA"]
[Date "2007.06.20"]
[Round "6.48"]
[White "Giacometto, Mario"]
[Black "Cornaggia, Ranieri"]
[Result "1-0"]
[WhiteElo "1931"]
[BlackElo "1548"]
[PlyCount "49"]
[EventDate "2007.06.15"]
[EventType "swiss"]
[EventRounds "10"]
[EventCountry "ITA"]
[Source "lmi"]
[SourceDate "2007.06.15"]

1. e4 e5 2. d4 exd4 3. c3 dxc3 4. Bc4 c6 5. Nxc3 Bb4 6. Bxf7+ Kxf7 7. Qb3+ d5
8. Qxb4 Ne7 9. Bg5 Re8 10. O-O-O Na6 11. Qb3 Nc5 12. Qc2 Qd6 13. Nf3 Bg4 14.
Be3 Bxf3 15. gxf3 Ne6 16. exd5 cxd5 17. Nxd5 Rac8 18. Nc3 Qb4 19. a3 Qa5 20.
Kb1 b5 21. Qb3 Rb8 22. Ne4 h6 23. Rd7 b4 24. Nd6+ Kf8 25. Qxe6 1-0

[Event "3. Campeonato de la Unión Europea"]
[Site "Arvier ITA"]
[Date "2007.06.20"]
[Round "6.49"]
[White "Stojanovic, Vojislav"]
[Black "Agrest, Anton"]
[Result "1-0"]
[WhiteElo "1911"]
[BlackElo "1350"]
[PlyCount "77"]
[EventDate "2007.06.15"]
[EventType "swiss"]
[EventRounds "10"]
[EventCountry "ITA"]
[Source "lmi"]
[SourceDate "2007.06.15"]

1. e4 e5 2. Nf3 Nc6 3. Bc4 Nf6 4. Ng5 d5 5. exd5 Nd4 6. h3 Bf5 7. d3 Nxd5 8. c3
Nc6 9. Qf3 Be6 10. Nxe6 fxe6 11. O-O Bc5 12. Bb5 Qf6 13. Nd2 Qxf3 14. Nxf3 Kd7
15. d4 exd4 16. Ne5+ Ke7 17. Bg5+ Nf6 18. Bxc6 bxc6 19. Nxc6+ Kd6 20. Nxd4 h6
21. Be3 Bxd4 22. Bxd4 e5 23. Be3 a6 24. Rad1+ Ke6 25. f4 Nd5 26. f5+ Kd6 27. c4
c6 28. cxd5 cxd5 29. Rd2 d4 30. Rfd1 Rhf8 31. g4 Rfe8 32. Kf2 Kc5 33. Bxd4+
exd4 34. Rxd4 Rab8 35. Rd5+ Kc6 36. b3 Re7 37. Rd6+ Kb5 38. R1d5+ Kb4 39. Rb6+
1-0

[Event "3. Campeonato de la Unión Europea"]
[Site "Arvier ITA"]
[Date "2007.06.20"]
[Round "6.50"]
[White "Occhipinti, Massimo"]
[Black "Varinelli, Sara"]
[Result "1/2-1/2"]
[WhiteElo "2020"]
[BlackElo "1694"]
[PlyCount "70"]
[EventDate "2007.06.15"]
[EventType "swiss"]
[EventRounds "10"]
[EventCountry "ITA"]
[Source "lmi"]
[SourceDate "2007.06.15"]

1. Nf3 Nf6 2. g3 d5 3. Bg2 Nc6 4. d4 h6 5. h3 Bf5 6. g4 Bh7 7. Bf4 e6 8. c3 Bd6
9. Qc1 Bxf4 10. Qxf4 Qe7 11. Nbd2 O-O-O 12. b4 Ne4 13. Nxe4 Bxe4 14. O-O g5 15.
Qg3 h5 16. Ne5 Nxe5 17. Qxe5 Bxg2 18. Kxg2 hxg4 19. hxg4 Rh4 20. f3 f6 21. Qg3
Qh7 22. Rh1 Qc2 23. Rxh4 Qxe2+ 24. Qf2 Qxf2+ 25. Kxf2 gxh4 26. f4 Rg8 27. Kf3
Kd7 28. Rh1 Rh8 29. Rh3 Ke7 30. a4 Kf7 31. f5 a6 32. Kf4 c6 33. a5 Rh7 34. Kf3
Rh8 35. Kf4 Rh7 1/2-1/2

[Event "3. Campeonato de la Unión Europea"]
[Site "Arvier ITA"]
[Date "2007.06.20"]
[Round "6.52"]
[White "Bellia, Mario"]
[Black "Squarci, Franco"]
[Result "0-1"]
[WhiteElo "1407"]
[BlackElo "1863"]
[PlyCount "62"]
[EventDate "2007.06.15"]
[EventType "swiss"]
[EventRounds "10"]
[EventCountry "ITA"]
[Source "lmi"]
[SourceDate "2007.06.15"]

1. b3 Nf6 2. Bb2 e6 3. Nf3 b6 4. e3 Bb7 5. Nc3 Be7 6. Be2 O-O 7. a3 d5 8. Na2
c5 9. d4 Nbd7 10. Rc1 Rc8 11. c4 Ne4 12. O-O Ndf6 13. Nd2 Rc7 14. Rc2 Qa8 15.
cxd5 Nxd2 16. Qxd2 Bxd5 17. Bf3 Bxf3 18. gxf3 Qxf3 19. Qe2 Qh3 20. dxc5 Ng4 21.
f4 Qxe3+ 22. Qxe3 Nxe3 23. Rg2 Nxg2 24. Kxg2 Rxc5 25. Kf3 Rc2 26. Rf2 Rfc8 27.
Nb4 Rxf2+ 28. Kxf2 Bxb4 29. Kg3 Be1+ 30. Kf3 Rc2 31. Bd4 Rxh2 0-1

[Event "3. Campeonato de la Unión Europea"]
[Site "Arvier ITA"]
[Date "2007.06.20"]
[Round "6.53"]
[White "Fox, Pierre"]
[Black "Bogatto, Mario"]
[Result "1-0"]
[WhiteElo "1832"]
[BlackElo "1528"]
[PlyCount "73"]
[EventDate "2007.06.15"]
[EventType "swiss"]
[EventRounds "10"]
[EventCountry "ITA"]
[Source "lmi"]
[SourceDate "2007.06.15"]

1. d4 Nf6 2. c4 g6 3. Nc3 Bg7 4. e4 d6 5. Nf3 Bg4 6. h3 Bxf3 7. Qxf3 Nc6 8. Be3
a6 9. a3 O-O 10. d5 Ne5 11. Qd1 b6 12. f4 Ned7 13. Bd3 Re8 14. O-O e6 15. Qf3
exd5 16. cxd5 Qe7 17. Rae1 Kh8 18. Bd4 Qf8 19. e5 dxe5 20. fxe5 Ng8 21. Qxf7
Qxf7 22. Rxf7 Re7 23. Rxe7 Nxe7 24. g4 Rf8 25. Re4 b5 26. Kg2 Nc8 27. e6 Nf6
28. Rf4 Nd6 29. g5 Nde8 30. gxf6 Bxf6 31. Ne2 Kg7 32. Bxf6+ Nxf6 33. Nc3 Re8
34. a4 b4 35. Rxb4 c6 36. Rb7+ Kf8 37. Rf7+ 1-0

[Event "3. Campeonato de la Unión Europea"]
[Site "Arvier ITA"]
[Date "2007.06.21"]
[Round "7.3"]
[White "Agrest, Evgenij"]
[Black "Caruana, Fabiano"]
[Result "1-0"]
[WhiteElo "2561"]
[BlackElo "2513"]
[PlyCount "103"]
[EventDate "2007.06.15"]
[EventType "swiss"]
[EventRounds "10"]
[EventCountry "ITA"]
[Source "lmi"]
[SourceDate "2007.06.15"]

1. Nf3 Nf6 2. c4 c5 3. Nc3 e6 4. e3 g6 5. d4 b6 6. d5 exd5 7. cxd5 d6 8. Bb5+
Bd7 9. Bd3 Bg7 10. h3 O-O 11. a4 Bc8 12. O-O Na6 13. e4 Nb4 14. Bc4 Ne8 15. Bf4
Nc7 16. Qd2 Re8 17. Rfe1 f6 18. Bg3 Kh8 19. Re2 a6 20. Ree1 Bb7 21. h4 Bc8 22.
Rac1 Rb8 23. Na2 Nxa2 24. Bxa2 b5 25. b4 c4 26. a5 Qe7 27. Nd4 Qf8 28. Bf4 Bd7
29. Bb1 f5 30. Nc6 Rbc8 31. h5 gxh5 32. exf5 Bxf5 33. Bxd6 Qxd6 34. Bxf5 Rxe1+
35. Rxe1 Rf8 36. Be4 Re8 37. Bf3 Rxe1+ 38. Qxe1 c3 39. Qd1 h4 40. Be4 h3 41.
Qh5 h6 42. Qf5 Kg8 43. gxh3 Ne8 44. Qc8 Qf8 45. Bc2 Kh8 46. Qe6 Bf6 47. Kf1 Nd6
48. Qd7 Nf7 49. d6 Kg7 50. Ne7 Qa8 51. Qf5 Qh1+ 52. Ke2 1-0

[Event "3. Campeonato de la Unión Europea"]
[Site "Arvier ITA"]
[Date "2007.06.21"]
[Round "7.4"]
[White "Sulava, Nenad"]
[Black "Borgo, Giulio"]
[Result "1/2-1/2"]
[WhiteElo "2549"]
[BlackElo "2418"]
[PlyCount "146"]
[EventDate "2007.06.15"]
[EventType "swiss"]
[EventRounds "10"]
[EventCountry "ITA"]
[Source "lmi"]
[SourceDate "2007.06.15"]

1. d4 d5 2. c4 e6 3. Nf3 dxc4 4. e3 a6 5. Bxc4 Nf6 6. O-O b5 7. Bb3 Bb7 8. Nc3
Nbd7 9. e4 b4 10. e5 bxc3 11. exf6 Qxf6 12. bxc3 Bxf3 13. Qxf3 Qxf3 14. gxf3
Bd6 15. Ba4 Ke7 16. Bc6 Rab8 17. c4 Bb4 18. Rb1 Rb6 19. Ba4 Rhb8 20. Rd1 Nf6
21. Rb3 R6b7 22. Be3 Ba5 23. d5 exd5 24. Bc5+ Kd8 25. cxd5 Rxb3 26. axb3 Bb4
27. Ba7 Rb7 28. Bd4 Be7 29. Bc3 Ne8 30. Re1 Rb6 31. Kf1 Nf6 32. Rd1 Ne8 33. Ba5
Rh6 34. Bxe8 Kxe8 35. Bxc7 Bd6 36. Bxd6 Rxd6 37. Ke2 Kd7 38. Rd3 Rh6 39. Rd4
Rb6 40. b4 Kd6 41. Kd3 Rb7 42. f4 g6 43. f5 gxf5 44. f3 Re7 45. Kc4 Rc7+ 46.
Kd3 Re7 47. Rc4 Rb7 48. Kc3 Kxd5 49. Rc5+ Kd6 50. Rxf5 Ke6 51. Rh5 f6 52. Rc5
Rb6 53. Kc4 Kf7 54. f4 Kg6 55. h4 f5 56. Rc7 h6 57. Rc5 Kh5 58. Rxf5+ Kxh4 59.
Rc5 Rf6 60. f5 Kg5 61. Ra5 h5 62. Kd3 h4 63. Ke3 h3 64. Kf3 Kh4 65. Re5 Rb6 66.
Ra5 Rd6 67. Re5 Rd3+ 68. Kf2 Rd2+ 69. Kg1 Rg2+ 70. Kh1 Rf2 71. Ra5 Kg3 72. Ra3+
Kg4 73. Rxa6 Kxf5 1/2-1/2